00828nam a22002537a 450000500170000001000130001702000260003003500130005603700160006904000120008508200170009710000240011424500920013826000410023027000420027130000220031349000450033550000190038065000830039965000260048265000260050870000220053470000180055620170124110256.0 aA-935628 a8170996910c6500(Set) aA-935628 aCen Lib/Ret aDPLbEN a658.408bSHA aShailendra K. Singh aSafety and risk management /cby Shailendra K. Singh,Subhash C.Khund [and] Shobha Singh aNew DelhibMittal Publicationsc1998 aA-110,Mohan GardenbNew Delhie100059 a382p. :c22cm(Hb) aHandbook of modern management seriesv12 aIncludes Index aNational Examination Board in Occupational Safety and Health -- Certification. aQuality of work life. aEmergency management. aKundu, Subhash C. aShobha Singh